000
00200 a2200097 4500
001
8592
100
_a
Maqbool Jehangir
245
_a
Hakayat-e-Roomi
260
_a
_b
Ferozsons
_c
090
_c
6914
_d
6914
942
_a
NUST-CAE
_c
M
_c
33505
999
_c
243665
_d
243665